00446nam a22001217a 450000500170000000800410001708200260005810000290008424501390011326000440025230000110029665000170030720240226032239.0240226b |||||||| |||| 00| 0 eng d 222a320.540954.bIDE. aRajasekharaiah, A.M. DR. aIdeological conflicts in Indian nationalism :bLala Lajpat rai's role in pregandhian political development /cDr. A.M. Rajasekharai.ah aMadras :bUniversity of Madras /c1979. a64 p., aNationalism.